| 000 | 00345nam a2200133Ia 4500 | ||
|---|---|---|---|
| 008 | 240624s9999 xx 000 0 und d | ||
| 041 | _aeng | ||
| 082 | _a576.839 CLA | ||
| 100 | _aCLARK STUART | ||
| 245 | _aLIFE ON OTHER WORLDS AND HOW TO FIND IT | ||
| 260 |
_c2000 _aLondon _bSpringer |
||
| 300 | _axvi, : 179 : p. : cm. ; 24 | ||
| 365 |
_cERU _b35 |
||
| 999 |
_c5796 _d5796 |
||